#3 Fußball WM Teilnehmer ? - Statistiken

Allgemein
  • Dieses Quiz wurde 222 mal gespielt
  • Das Durchschnittsergebnis liegt bei 5 aus 7
Answers on the Grid
Answers color-coded by a green-red scale on the quiz's grid according to % correct below.
Schottland
Bosnien und Herzegowina
Kolumbien
Schweiz
Saudi-Arabien
Haiti
Zypern
Kambodscha
Botsuana
Belarus
Bahrain
Dominikanische Republik
Litauen
Gabun
DR Kongo/ Zaire
 
Antwortstatistiken
Antwort % Korrekt
Schweiz
94%
Kolumbien
90%
Schottland
88%
Saudi-Arabien
85%
Bosnien und Herzegowina
73%
DR Kongo/ Zaire
48%
Haiti
44%
Keine übereinstimmenden Quizze gefunden
Verteilung der Resultate
Anzahl Personen mit jedem Resultat
Perzentil nach korrekt beantworteten Fragen
Ihre Resultats-Entwicklung
Sie haben dieses Quiz noch nicht gespielt